Vvedenije v statističeskuju optiku

Salvato in:
Dettagli Bibliografici
Autore principale: O´Neill, E. L. (Autore)
Natura: Libro
Lingua:russo
Pubblicazione: Moskva : Mir, 1966
Soggetti:
Tags: Aggiungi Tag
Nessun Tag, puoi essere il primo ad aggiungerne!!

MARC

LEADER 00000nam a22000003a 4500
001 stu88380
005 20150617225630.3
008 040625s1966----xxr-----------------rus-d
040 |a STU  |b slo 
041 0 |a rus 
044 |a xxr 
080 |a 535  |7 stu_us_auth*stu16839 
100 1 |a O´Neill, E. L.  |4 aut 
245 1 |a Vvedenije v statističeskuju optiku 
260 |a Moskva :  |b Mir,  |c 1966 
300 |a 254 s 
650 7 |a štatistická optika  |2 stusub 
996 |b 284J021942  |c J*28147  |l JJK16  |s P  |a 0  |w stu88380_0001